[Event "CEDIS Festival saha 2026 - 2. turnir"]
[Site "Podgorica"]
[Date "2026.04.26"]
[Round "5.4"]
[White "Marsenic, Lazar"]
[Black "Abramovic, Dragoljub"]
[Result "0-1"]
[WhiteElo "2064"]
[BlackElo "2034"]
[WhiteFideId "-1"]
[BlackFideId "-1"]
[PlyCount "162"]
[GameId "2308352559057686"]
[EventDate "2026.04.24"]
[EventType "swiss"]
[EventRounds "5"]
[EventCountry "MNE"]
[SourceVersionDate "2026.05.09"]

1. e4 c6 2. Nf3 d5 3. Nc3 Bg4 4. h3 Bxf3 5. Qxf3 dxe4 6. Nxe4 Nd7 7. d4 Ndf6 8. Be3 Nxe4 9. Qxe4 Nf6 10. Qd3 e6 11. Be2 Bd6 12. O-O-O Qa5 13. Kb1 O-O-O 14. Qb3 Qb4 15. Qxb4 Bxb4 16. c4 Kb8 17. Bf3 Rd7 18. g4 Rhd8 19. g5 Ng8 20. Be4 Ne7 21. Kc2 Bd6 22. Rhe1 Bc7 23. Rd3 g6 24. Red1 Nf5 25. b4 Nd6 26. Bf3 Nxc4 27. b5 cxb5 28. Rb3 a6 29. h4 Nb6 30. h5 Nd5 31. Rdb1 Bd6 32. Kd3 Be7 33. hxg6 hxg6 34. Bd2 e5 35. Ba5 b6 36. Bxd5 bxa5 37. Bxf7 Bxg5 38. Bxg6 Rxd4+ 39. Ke2 Rd2+ 40. Kf3 Rxa2 41. Be4 a4 42. Rc3 Rc8 43. Rd3 Rd2 44. Kg4 Rxd3 45. Bxd3 Bd8 46. Bxb5 axb5 47. Rxb5+ Kc7 48. Ra5 Kd7 49. Rxa4 Bc7 50. Ra6 Rf8 51. Kg3 Bd6 52. Kg2 Ke6 53. f3 Rf6 54. Ra4 Kf5 55. Kf2 Bc5+ 56. Ke2 Rh6 57. Ra5 Rh2+ 58. Kd3 Rd2+ 59. Kc3 Be3 60. Ra8 Rd6 61. Rf8+ Rf6 62. Re8 Bd4+ 63. Kd3 Kf4 64. Ke2 Rf7 65. Rg8 Kf5 66. Kd3 Bc5 67. Ke2 Rb7 68. Rc8 Rb2+ 69. Kd3 Rb3+ 70. Ke2 Re3+ 71. Kd2 Bd4 72. Rf8+ Kg5 73. Rh8 Kf4 74. Rh4+ Kxf3 75. Rh3+ Ke4 76. Rh4+ Kd5 77. Rh8 Ra3 78. Rh4 Kc4 79. Rh8 Ra2+ 80. Kc1 e4 81. Kb1 Rg2 0-1

[Event "CEDIS Festival saha 2026 - 2. turnir"]
[Site "Podgorica"]
[Date "2026.04.26"]
[Round "5.5"]
[White "Cetinkaya, Vedat Ali"]
[Black "Markovic, Janko"]
[Result "1-0"]
[WhiteElo "1876"]
[BlackElo "1587"]
[WhiteFideId "-1"]
[BlackFideId "-1"]
[PlyCount "73"]
[GameId "2308361563896828"]
[EventDate "2026.04.24"]
[EventType "swiss"]
[EventRounds "5"]
[EventCountry "MNE"]
[SourceVersionDate "2026.05.09"]

1. d4 Nf6 2. c4 e6 3. Nc3 Bb4 4. e3 c5 5. a3 Bxc3+ 6. bxc3 b6 7. Bd3 d6 8. e4 e5 9. d5 Nbd7 10. f4 h6 11. Nf3 Qe7 12. O-O O-O 13. Nh4 Nh7 14. Nf5 Qf6 15. fxe5 Qxe5 16. Qe1 Qe8 17. Qg3 g5 18. Nxh6+ Kh8 19. Nf5 Qe5 20. Nxd6 Qxc3 21. Ra2 f6 22. Bb2 Qb3 23. Rf2 Qd1+ 24. Bf1 Ba6 25. Ra1 Qh5 26. Be2 Qg6 27. Raf1 Kg8 28. Bg4 Rad8 29. Bf5 Qg7 30. Be6+ Kh8 31. Nf5 Qg6 32. Rc1 b5 33. Qc7 Qe8 34. e5 bxc4 35. exf6 Nhxf6 36. Rc3 g4 37. Rf4 1-0

[Event "CEDIS Festival saha 2026 - 2. turnir"]
[Site "Podgorica"]
[Date "2026.04.26"]
[Round "5.6"]
[White "Mihciyazgan, Can"]
[Black "Pavlovic, David"]
[Result "1-0"]
[WhiteElo "1751"]
[BlackElo "1846"]
[WhiteFideId "-1"]
[BlackFideId "-1"]
[PlyCount "113"]
[GameId "2308363745488287"]
[EventDate "2026.04.24"]
[EventType "swiss"]
[EventRounds "5"]
[EventCountry "MNE"]
[SourceVersionDate "2026.05.09"]

1. e4 c6 2. d4 d5 3. exd5 cxd5 4. Nf3 Nc6 5. Bd3 Bg4 6. c3 Nf6 7. O-O e6 8. Bf4 Bd6 9. Bxd6 Qxd6 10. Nbd2 h6 11. Re1 O-O 12. h3 Bh5 13. g4 Bg6 14. Bxg6 fxg6 15. Ne5 Nh7 16. Nxg6 Rf6 17. Ne5 Raf8 18. Re2 Ng5 19. Qf1 Qd8 20. Nxc6 bxc6 21. Qg2 Rf4 22. Rae1 Qf6 23. Rf1 Nf3+ 24. Nxf3 Rxf3 25. Re3 Rxe3 26. fxe3 Qg6 27. Rxf8+ Kxf8 28. h4 Ke7 29. g5 hxg5 30. hxg5 Qb1+ 31. Kh2 Qxa2 32. Qf2 a5 33. g6 Qb1 34. Qf7+ Kd6 35. Qf8+ Kc7 36. Qxg7+ Kb6 37. Qf6 Qxb2+ 38. Kg3 Qxc3 39. Qxe6 Qe1+ 40. Kf4 Qg1 41. Kf5 Qf2+ 42. Kg5 Qf8 43. Qf6 Qe8 44. g7 Qxe3+ 45. Kg6 Qe8+ 46. Kh7 Qe4+ 47. Kh6 Qe8 48. Kh7 Qh5+ 49. Qh6 Qf5+ 50. Kh8 Qg4 51. g8=Q Qxd4+ 52. Qgg7 Qxg7+ 53. Kxg7 Kb5 54. Kf6 Kc4 55. Ke5 Kb3 56. Qxc6 a4 57. Qb5+ 1-0

[Event "CEDIS Festival saha 2026 - 2. turnir"]
[Site "Podgorica"]
[Date "2026.04.26"]
[Round "5.7"]
[White "Djukic, Katarina"]
[Black "Scekic, Veljko"]
[Result "0-1"]
[WhiteElo "1732"]
[BlackElo "2223"]
[WhiteFideId "-1"]
[BlackFideId "-1"]
[PlyCount "90"]
[GameId "2308366022922112"]
[EventDate "2026.04.24"]
[EventType "swiss"]
[EventRounds "5"]
[EventCountry "MNE"]
[SourceVersionDate "2026.05.09"]

1. e4 e5 2. Nf3 Nc6 3. Nc3 Nf6 4. d4 exd4 5. Nxd4 Bb4 6. Nxc6 bxc6 7. Bd3 d5 8. exd5 cxd5 9. O-O O-O 10. h3 c6 11. Qf3 Re8 12. Bf4 Be6 13. Ne2 Bd6 14. Rfe1 c5 15. Bxd6 Qxd6 16. Rad1 Qb6 17. b3 Rad8 18. Nf4 Qa5 19. Ra1 h6 20. Nh5 Nxh5 21. Qxh5 Qc3 22. Rad1 c4 23. Bf5 Bxf5 24. Rxe8+ Rxe8 25. Qxf5 Re5 26. Qf3 Qxc2 27. Rxd5 Rxd5 28. Qxd5 c3 29. Qc4 g5 30. Qc8+ Kg7 31. Qc5 Qd1+ 32. Kh2 c2 33. Qe5+ Kf8 34. Qb8+ Ke7 35. Qc7+ Ke6 36. Qc4+ Ke5 37. Qc5+ Kf6 38. Qc6+ Kg7 39. Qc3+ f6 40. Qc7+ Kg6 41. Qc8 c1=Q 42. Qe8+ Kf5 43. g4+ Kf4 44. Qb8+ Ke4 45. Qe8+ Kd3 0-1

[Event "CEDIS Festival saha 2026 - 2. turnir"]
[Site "Podgorica"]
[Date "2026.04.26"]
[Round "5.8"]
[White "Peric, Toman"]
[Black "Baranin, Gojko"]
[Result "1/2-1/2"]
[WhiteElo "1700"]
[BlackElo "1896"]
[WhiteFideId "-1"]
[BlackFideId "-1"]
[PlyCount "73"]
[GameId "2308368988783019"]
[EventDate "2026.04.24"]
[EventType "swiss"]
[EventRounds "5"]
[EventCountry "MNE"]
[SourceVersionDate "2026.05.09"]

1. e4 e6 2. d4 d5 3. exd5 exd5 4. Bd3 Nf6 5. Bg5 Be7 6. Nf3 Ne4 7. Bxe7 Qxe7 8. Ne5 Qg5 9. Bxe4 dxe4 10. g3 Nc6 11. Nxc6 bxc6 12. Qd2 Qe7 13. Nc3 Bg4 14. Ne2 O-O 15. O-O-O Bf3 16. Rhg1 f5 17. Rde1 Bxe2 18. Qxe2 Qb4 19. Qd2 Qa4 20. Kb1 Rad8 21. Rd1 c5 22. c3 cxd4 23. cxd4 Rd5 24. b3 Qd7 25. Qc2 Kh8 26. g4 Rxd4 27. Rxd4 Qxd4 28. gxf5 c5 29. Rd1 Qe5 30. Re1 Qxf5 31. Rxe4 h6 32. Rc4 Qxf2 33. Rxc5 Qg1+ 34. Kb2 Qd4+ 35. Ka3 Qd6 36. Kb2 Qd4+ 37. Ka3 1/2-1/2

[Event "CEDIS Festival saha 2026 - 2. turnir"]
[Site "Podgorica"]
[Date "2026.04.26"]
[Round "5.9"]
[White "Lakusic, Zoran"]
[Black "Doderovic, Aleksa"]
[Result "1-0"]
[WhiteElo "1715"]
[BlackElo "1870"]
[WhiteFideId "-1"]
[BlackFideId "-1"]
[PlyCount "59"]
[GameId "2308371078386564"]
[EventDate "2026.04.24"]
[EventType "swiss"]
[EventRounds "5"]
[EventCountry "MNE"]
[SourceVersionDate "2026.05.09"]

1. Nf3 Nf6 2. c4 e6 3. Nc3 b6 4. e4 d6 5. d4 Bb7 6. Bd3 d5 7. cxd5 exd5 8. e5 Ne4 9. Qc2 Bb4 10. O-O Bxc3 11. bxc3 O-O 12. Re1 Nd7 13. Bxe4 dxe4 14. Ng5 Qe7 15. Bf4 f5 16. Qb3+ Kh8 17. Re3 Rae8 18. Rh3 h6 19. Re1 Nb8 20. Ree3 Nc6 21. a4 Na5 22. Qd1 Kg8 23. Qh5 hxg5 24. Bxg5 Qd7 25. Qh7+ Kf7 26. Rh6 Re6 27. Bf6 Rxf6 28. Rxf6+ Ke8 29. Qg6+ Ke7 30. Qxg7+ 1-0

[Event "CEDIS Festival saha 2026 - 2. turnir"]
[Site "Podgorica"]
[Date "2026.04.26"]
[Round "5.10"]
[White "Vujadinovic, Zeljko"]
[Black "Sorochenkov, Alexander"]
[Result "1-0"]
[WhiteElo "1811"]
[BlackElo "1429"]
[WhiteFideId "-1"]
[BlackFideId "-1"]
[PlyCount "115"]
[GameId "2308373582525680"]
[EventDate "2026.04.24"]
[EventType "swiss"]
[EventRounds "5"]
[EventCountry "MNE"]
[SourceVersionDate "2026.05.09"]

1. d4 Nf6 2. Nf3 e6 3. Bg5 h6 4. Bh4 Be7 5. e3 d5 6. c3 b6 7. Nbd2 Ba6 8. Bxa6 Nxa6 9. Qa4+ Qd7 10. Qxa6 O-O 11. Bxf6 Bxf6 12. Qd3 Rac8 13. O-O c5 14. h3 c4 15. Qc2 Qd6 16. e4 Qc6 17. Rae1 Rfe8 18. exd5 exd5 19. Rxe8+ Rxe8 20. Re1 Rxe1+ 21. Nxe1 Qe6 22. Ndf3 b5 23. Kf1 Qa6 24. a3 Qc8 25. g4 g6 26. Qe2 h5 27. Ne5 Bxe5 28. dxe5 Qe6 29. Nc2 hxg4 30. hxg4 Qe7 31. Nd4 Qh4 32. Kg2 a6 33. e6 fxe6 34. Qxe6+ Kg7 35. Nf3 Qf6 36. Qxd5 Qf4 37. Qe5+ Qxe5 38. Nxe5 Kf6 39. Nxg6 Kxg6 40. f4 Kf6 41. Kf3 a5 42. Ke4 Ke6 43. g5 a4 44. f5+ Kf7 45. Kd5 Ke7 46. Kc5 Kf7 47. Kxb5 Kg7 48. Kxc4 Kf7 49. Kd5 Ke7 50. Ke5 Kf7 51. c4 Ke7 52. c5 Kd7 53. g6 Ke8 54. f6 Kf8 55. c6 Ke8 56. Kd6 Kd8 57. f7 Kc8 58. f8=Q# 1-0

[Event "CEDIS Festival saha 2026 - 2. turnir"]
[Site "Podgorica"]
[Date "2026.04.26"]
[Round "5.11"]
[White "Altinok, Mehmet Akif"]
[Black "Mucevic, Taik"]
[Result "1-0"]
[WhiteElo "1528"]
[BlackElo "1561"]
[WhiteFideId "-1"]
[BlackFideId "-1"]
[PlyCount "97"]
[GameId "2308375393084915"]
[EventDate "2026.04.24"]
[EventType "swiss"]
[EventRounds "5"]
[EventCountry "MNE"]
[SourceVersionDate "2026.05.09"]

1. Nf3 Nc6 2. g3 e5 3. d3 Bc5 4. Bg2 Nf6 5. O-O h6 6. c4 d6 7. e3 O-O 8. Nc3 Bg4 9. a3 a5 10. Qc2 Re8 11. Nd2 Be6 12. Nde4 Nxe4 13. Nxe4 Ba7 14. Bd2 d5 15. cxd5 Bxd5 16. Rac1 Rc8 17. Rfd1 b5 18. Bh3 Rb8 19. Nc3 Be6 20. Bg2 Ne7 21. Ne4 Bb6 22. Bc3 f5 23. Nd2 a4 24. Bxe5 Ba5 25. Bxc7 Bxc7 26. Qxc7 Qxd3 27. Ne4 Qb3 28. Nd6 Rbd8 29. Qc3 Nc8 30. Qxb3 Bxb3 31. Nxe8 Rxd1+ 32. Rxd1 Bxd1 33. Bc6 Na7 34. Bd7 Bc2 35. Nd6 Kf8 36. Nxf5 Bxf5 37. Bxf5 Ke7 38. Be4 Kd6 39. Kf1 Kc5 40. Ke2 Nc8 41. Bc2 Kc4 42. f4 Nd6 43. e4 Kd4 44. e5 Nc4 45. Bd3 Nxb2 46. e6 Nc4 47. Bxc4 Kxc4 48. e7 Kb3 49. e8=Q 1-0